Dowcip polityczny w PRL

Titel: Dowcip polityczny w PRL
Verfasser:
In: Wrocławskie Towarzystwo Naukowe. Komisja Językowa: Rozprawy Komisji Językowej, Band 31 (2005), Seite 123-136
alle Artikel anzeigen
Veröffentlicht: 2005
Format: Aufsatz
Sprache: Polnisch
Kein Bild verfügbar
X
alg: 39402256
001A    $01999:12-11-16 
001B    $01999:29-05-21 $t17:40:55.000 
001C    $06050:19-11-16 $t08:50:35.000 
001D    $01999:12-11-16 
001U    $0utf8 
001X    $00 
002@    $0Aox 
003@    $0394022564 
007A    $0394022564 $aHEB 
007T    $0Herdk73548 
010@    $apol 
011@    $a2005 
021A    $aDowcip polityczny w PRL 
028A    $aSkiba $dSabina 
031A    $d31 $h123-136 $j2005 
039B    $aIn $8--Abvc--Wrocławskie Towarzystwo Naukowe$bKomisja Językowa [Tb1]. Rozprawy Komisji Językowej. - Wrocław {[u.a.] : Państw. Wydawn. Naukowe, 1959-2015. - ISSN 0084-2990 $x200500000310000877 $9047286199 
045F    $a306.09438 $eDDC23BSB 
045F/01 $a306.09 
045F/03 $g438 
045T    $a7,11 $a7,39 
045T    $aLING $qDE-30 $2FID 

lok: 39402256 78

exp: 39402256 78 1 #EPN
201B/01 $018-11-16 $t10:23:40.000 
201U/01 $0utf8 
203@/01 $0790133083 
208@/01 $a12-11-16 $be 
209A/01 $a/ $f000 $x00 
220C/01 $aTitelaufnehmer: pbb 
220C/01 $aHerkunft: PBB/IH PAN 
244Z/01 $2Trx $#Poola $#Lenkija $#Polija $#Polen Land $#Poland $#Lengyelország $#Poľsko $#Polsko $8--Trx--Polska$gkraj $x01 $9391345966 
244Z/01 $aGeschichte 1944-1989 $x02 
244Z/01 $2Trx $#huumor $#humoras $#Humor $#humor $#humor $#humor $#humor $#Komödien $#humour $#komédie $#komedie $8--Trx--Humor $x03 $9391357425 
244Z/01 $2Trx $8--Trx--Zeitschriftenaufsatz $x04 $9391384341 
245Z/01 $a11.01 $x01 
247C/01 $82080>Marburg/Lahn, Herder-Institut, Forschungsbibliothek, Bibliographieportal $9336309341
LEADER 00000caa a22000002c 4500
001 394022564
003 DE-603
005 20210529174055.0
007 tu
008 161112s2005 xx |||| | u00||u|pol c
035 |a (DE-599)HEB394022564 
040 |a DE-603  |b ger  |c DE-603  |d DE-603 
041 |a pol 
082 0 4 |8 1\u  |a 306.09438  |q DE-101  |2 23/BSB 
084 |a 7,11  |a 7,39  |2 ssgn 
084 |a LING  |q DE-30  |2 fid 
085 |8 1\u  |b 306.09 
085 |8 1\u  |z 2  |s 438 
100 1 |a Skiba, Sabina 
245 0 0 |a Dowcip polityczny w PRL 
264 0 |c 2005 
773 0 8 |i In  |a Wrocławskie Towarzystwo Naukowe. Komisja Językowa  |t Rozprawy Komisji Językowej  |d Wrocław ˜[u.a.] œ: Państw. Wydawn. Naukowe, 1959-2015  |x 0084-2990  |g Band 31 (2005), Seite 123-136  |w (DE-603)047286199  |w (DE-600)205639-2 
924 0 |9 2080  |a (DE-603)790133083  |b DE-2080  |c HES  |d d  |g /